[Event "Stay Safe Play From Home 287"]
[Site "Emanuel Lasker Arena"]
[Date "2020.07.08"]
[Round "7"]
[White "Greblah"]
[Black "Ironmike"]
[Result "0-1"]
[WhiteElo "1885"]
[BlackElo "1955"]
[PlyCount "66"]
[EventDate "2020.07.08"]
[EventType "swiss (blitz)"]
[BlackTeam "SV Horst-Emscher I"]

{- Dönges, Dirk (1820)} 1. e4 {[%emt 0:00:01]} c5 {[%emt 0:00:01]} 2. Nc3 {[%emt 0:00:01]} Nc6 {[%emt 0:00:00]} 3. g3 {[%emt 0:00:00]} d6 {[%emt 0:00:01]} 4. Bg2 {[%emt 0:00:00]} Nf6 {[%emt 0:00:02]} 5. d3 {[%emt 0:00:00]} Bg4 {[%emt 0:00:01]} 6. f3 {[%emt 0:00:03]} Bh5 {[%emt 0:00:01]} 7. Be3 {[%emt 0:00:01]} Bg6 {[%emt 0:00:01]} 8. Nge2 {[%emt 0:00:01]} e6 {[%emt 0:00:01]} 9. Nf4 {[%emt 0:00:01]} Be7 {[%emt 0:00:00]} 10. Nxg6 {[%emt 0:00:01]} hxg6 {[%emt 0:00:01]} 11. Qd2 {[%emt 0:00:00]} Qc7 {[%emt 0:00:01]} 12. Bf4 {[%emt 0:00:02]} a6 {[%emt 0:00:00]} 13. O-O-O {[%emt 0:00:02]} e5 {[%emt 0:00:01]} 14. Bg5 {[%emt 0:00:01]} b5 {[%emt 0:00:01]} 15. Bxf6 {[%emt 0:00:01]} gxf6 {[%emt 0:00:01]} 16. Nd5 {[%emt 0:00:00]} Qd8 {[%emt 0:00:02]} 17. Nxe7 {[%emt 0:00:01]} Qxe7 {[%emt 0:00:01]} 18. h4 {[%emt 0:00:01]} b4 {[%emt 0:00:01]} 19. g4 {[%emt 0:00:01]} a5 {[%emt 0:00:01]} 20. h5 {[%emt 0:00:01]} gxh5 {[%emt 0:00:03]} 21. Rxh5 {[%emt 0:00:01]} Rxh5 {[%emt 0:00:01]} 22. gxh5 {[%emt 0:00:01]} a4 {[%emt 0:00:00]} 23. h6 {[%emt 0:00:01]} b3 {[%emt 0:00:01]} 24. cxb3 {[%emt 0:00:01]} axb3 {[%emt 0:00:01]} 25. a3 {[%emt 0:00:01]} Kd7 {[%emt 0:00:03]} 26. h7 {[%emt 0:00:01]} Kc7 {[%emt 0:00:01]} 27. Rh1 {[%emt 0:00:02]} Rh8 {[%emt 0:00:00]} 28. Qc3 {[%emt 0:00:01]} Nd4 {[%emt 0:00:01]} 29. Kd2 {[%emt 0:00:03]} f5 {[%emt 0:00:05]} 30. Qa5+ {[%emt 0:00:01]} Kb7 {[%emt 0:00:02]} 31. Qc3 {[%emt 0:00:04]} Qg5+ {[%emt 0:00:01]} 32. Ke1 {[%emt 0:00:02]} Qxg2 {[%emt 0:00:01]} 33. Rf1 {[%emt 0:00:04]} Qe2# {[%emt 0:00:02] (Lag: Av=0.34s, max=0.7s)} 0-1

[Event "Stay Safe Play From Home 287"]
[Site "Emanuel Lasker Arena"]
[Date "2020.07.08"]
[Round "7"]
[White "Mandy"]
[Black "NeatFox"]
[Result "0-1"]
[WhiteElo "901"]
[BlackElo "1967"]
[PlyCount "44"]
[EventDate "2020.07.08"]
[EventType "swiss (blitz)"]

1. d4 {[%emt 0:00:02]} b6 {[%emt 0:00:00]} 2. Bf4 {[%emt 0:00:02]} Bb7 {[%emt 0:00:00]} 3. e3 {[%emt 0:00:01]} d6 {[%emt 0:00:00]} 4. Nf3 {[%emt 0:00:02]} Nf6 {[%emt 0:00:00]} 5. h3 {[%emt 0:00:01]} g6 {[%emt 0:00:00]} 6. Bd3 {[%emt 0:00:01]} Bg7 {[%emt 0:00:00]} 7. c3 {[%emt 0:00:01]} O-O {[%emt 0:00:00]} 8. Nbd2 {[%emt 0:00:01]} Nbd7 {[%emt 0:00:00]} 9. O-O {[%emt 0:00:01]} c5 {[%emt 0:00:00]} 10. Qc2 {[%emt 0:00:03]} cxd4 {[%emt 0:00:00]} 11. cxd4 {[%emt 0:00:03]} Rc8 {[%emt 0:00:00]} 12. e4 {[%emt 0:00:03]} Rxc2 {[%emt 0:00:01]} 13. Rac1 {[%emt 0:00:10]} Rxc1 {[%emt 0:00:01]} 14. Rxc1 {[%emt 0:00:02]} e6 {[%emt 0:00:03]} 15. Nc4 {[%emt 0:00:01]} d5 {[%emt 0:00:01]} 16. Nd6 {[%emt 0:00:01]} Qa8 {[%emt 0:00:06]} 17. Nxb7 {[%emt 0:00:01]} Qxb7 {[%emt 0:00:01]} 18. exd5 {[%emt 0:00:02]} Nxd5 {[%emt 0:00:01]} 19. Bd6 {[%emt 0:00:04]} Rc8 {[%emt 0:00:02]} 20. Ne5 {[%emt 0:00:03]} Rxc1+ {[%emt 0:00:01]} 21. Kh2 {[%emt 0:00:12]} Nxe5 {[%emt 0:00:00]} 22. dxe5 {[%emt 0:00:02]} Nf4 {[%emt 0:00:02] Zeit (Lag: Av=0.53s, max=1.1s)} 0-1

[Event "Stay Safe Play From Home 287"]
[Site "Emanuel Lasker Arena"]
[Date "2020.07.08"]
[Round "8"]
[White "AChessPlayer"]
[Black "Souchov"]
[Result "1-0"]
[WhiteElo "2404"]
[BlackElo "1989"]
[Annotator "TA"]
[PlyCount "53"]
[EventDate "2020.07.08"]
[EventType "swiss (blitz)"]

{[%evp 16,52,24,43,85,58,56,42,40,35,73,70,81,43,77,74,210,238,218,55,84,65,76,60,131,108,454,79,95,95,102,85,107,93,121,79,604,592,29999]} 1. g3 Nf6 2. Bg2 g6 3. c4 Bg7 4. Nc3 O-O 5. Nf3 c5 6. O-O Nc6 7. d4 cxd4 8. Nxd4 Nxd4 {8...Qa5 is more advanced technology. Played by David Navara in June 2020.} 9. Qxd4 Qc7 {[#] A39: Symmetrical English vs ...g6: 4 Bg2 Bg7 5 Nf3 Nf6 6 0-0 0-0 7 d4.} 10. Bf4 $146 ({Predecessor:} 10. Bd2 d6 11. b3 Bf5 12. Nb5 Qb8 13. Bc3 a6 14. Na3 Qc7 15. Rac1 Rac8 16. Rfd1 Rfd8 17. Bb2 {0-1 (44) Kacir,T (1568)-Horvath,M (1533) Slovakia 2011}) 10... d6 11. Nb5 Qd8 {[#] Threatens to win with ...e5.White is slightly better.} 12. Qd2 a6 13. Nc3 Nd7 14. Bh6 Ne5 15. b3 $36 {[%mdl 2048] White is really pushing.} Be6 {[#]} (15... Rb8 $16) 16. Bxg7 $1 $18 ({Resist} 16. Bxb7 $6 Bxh6 17. Qxh6 Rb8 $16) 16... Kxg7 17. Rac1 $2 ({But not} 17. Bxb7 Ra7) (17. Qd4 $18) 17... Rb8 18. f4 Nc6 19. e3 f5 (19... Qa5 $14) 20. Nd5 Bxd5 $4 {[%mdl 8192]} (20... Rc8 $16 {is more resistant.}) 21. Bxd5 $2 (21. cxd5 $18 Qa5 22. Qb2+ Kh6 23. dxc6 bxc6 24. Bxc6) 21... Qd7 22. Qb2+ Kh6 23. Rfd1 e6 24. Bf3 Rfd8 25. h3 Ne7 $2 {[%mdl 8192]} (25... Qg7 $16 26. Qg2 Rbc8) 26. g4 {[%csl Gf4][%cal Rg4g5]} ({Less strong is} 26. Qf6 Ng8 $16) 26... b6 27. g5# {Accuracy: White = 60%, Black = 31%.} 1-0

[Event "Stay Safe Play From Home 287"]
[Site "Emanuel Lasker Arena"]
[Date "2020.07.08"]
[Round "8"]
[White "Lamborghini"]
[Black "Lazieri3"]
[Result "1-0"]
[WhiteElo "2159"]
[BlackElo "2125"]
[PlyCount "77"]
[EventDate "2020.07.08"]
[EventType "swiss (blitz)"]

1. e4 {[%emt 0:00:01]} c6 {[%emt 0:00:01]} 2. Nf3 {[%emt 0:00:01]} d5 {[%emt 0:00:03]} 3. Nc3 {[%emt 0:00:00]} dxe4 {[%emt 0:00:01]} 4. Nxe4 {[%emt 0:00:01]} Nf6 {[%emt 0:00:01]} 5. Nxf6+ {[%emt 0:00:01]} exf6 {[%emt 0:00:00]} 6. Qe2+ {[%emt 0:00:01]} Qe7 {[%emt 0:00:01]} 7. Qxe7+ {[%emt 0:00:02]} Bxe7 {[%emt 0:00:00]} 8. b3 {[%emt 0:00:01]} O-O {[%emt 0:00:01]} 9. Bb2 {[%emt 0:00:00]} Na6 {[%emt 0:00:01]} 10. Bxa6 {[%emt 0:00:02]} bxa6 {[%emt 0:00:00]} 11. O-O-O {[%emt 0:00:00]} Bg4 {[%emt 0:00:02]} 12. Rde1 {[%emt 0:00:01]} Bxf3 {[%emt 0:00:00]} 13. Rxe7 {[%emt 0:00:03]} Bxg2 {[%emt 0:00:02]} 14. Rg1 {[%emt 0:00:01]} Bd5 {[%emt 0:00:01]} 15. Bxf6 {[%emt 0:00:01]} g6 {[%emt 0:00:03]} 16. h4 {[%emt 0:00:01]} h5 {[%emt 0:00:02]} 17. f4 {[%emt 0:00:03]} Be6 {[%emt 0:00:03]} 18. Rc7 {[%emt 0:00:03]} Rfc8 {[%emt 0:00:01]} 19. Rxc8+ {[%emt 0:00:03]} Rxc8 {[%emt 0:00:00]} 20. c4 {[%emt 0:00:01]} Kf8 {[%emt 0:00:02]} 21. Re1 {[%emt 0:00:02]} Ke8 {[%emt 0:00:02]} 22. Re5 {[%emt 0:00:01]} Kd7 {[%emt 0:00:01]} 23. Ra5 {[%emt 0:00:01]} Kc7 {[%emt 0:00:03]} 24. Rxa6 {[%emt 0:00:01]} Kb7 {[%emt 0:00:00]} 25. Ra5 {[%emt 0:00:01]} Rc7 {[%emt 0:00:00]} 26. Re5 {[%emt 0:00:01]} Rd7 {[%emt 0:00:01]} 27. d4 {[%emt 0:00:01]} Bf5 {[%emt 0:00:04]} 28. Re3 {[%emt 0:00:01]} a5 {[%emt 0:00:02]} 29. Kb2 {[%emt 0:00:01]} a4 {[%emt 0:00:01]} 30. bxa4 {[%emt 0:00:01]} Ka6 {[%emt 0:00:03]} 31. Kc3 {[%emt 0:00:00]} Rb7 {[%emt 0:00:01]} 32. Re7 {[%emt 0:00:03]} Rb1 {[%emt 0:00:02]} 33. Rc7 {[%emt 0:00:03]} Rc1+ {[%emt 0:00:01]} 34. Kb4 {[%emt 0:00:01]} Kb6 {[%emt 0:00:03]} 35. Bd8 {[%emt 0:00:02]} Rb1+ {[%emt 0:00:02]} 36. Ka3 {[%emt 0:00:01]} Bd3 {[%emt 0:00:02]} 37. Rxf7+ {[%emt 0:00:02]} Ka6 {[%emt 0:00:02]} 38. Rf6 {[%emt 0:00:01]} Kb7 {[%emt 0:00:04]} 39. Rf7+ {[%emt 0:00:01] Time (Lag: Av=0.74s, max=5.5s)} 1-0

[Event "Stay Safe Play From Home 287"]
[Site "Emanuel Lasker Arena"]
[Date "2020.07.08"]
[Round "8"]
[White "Haxhi Baha"]
[Black "Mepe_Nika"]
[Result "0-1"]
[WhiteElo "2002"]
[BlackElo "2378"]
[Annotator "TA"]
[PlyCount "100"]
[EventDate "2020.07.08"]
[EventType "swiss (blitz)"]

{[%evp 11,100,23,20,13,16,18,13,-16,-31,-147,-152,-137,-33,-23,127,139,127,127,147,142,139,137,155,132,229,234,234,234,287,272,277,6,8,0,14,8,149,144,390,166,184,88,60,0,0,-361,-340,-326,-259,-547,-535,-487,0,-466,-460,-448,-448,-424,-395,-513,-495,-537,-499,-460,451,435,950,647,2666,2589,2081,1635,29990,29989,29986,175,527,97,29992,29993,29994,29995,29995,29994,29994,12846,12847,12845,29993,29994,29994]} 1. e4 e5 2. Nf3 Nc6 3. Bc4 Nf6 4. d3 Bc5 5. c3 a6 6. b4 Ba7 7. Bg5 {C54: Giuoco Piano: 4 c3 Nf6, main lines with 5 d4 and 5 d3.} h6 8. Bh4 d6 9. Nbd2 {The position is equal.} g5 {[#]} 10. Nxg5 $146 (10. Bg3 $15) ({Predecessor:} 10. Bg3 O-O 11. Nf1 b5 12. Bb3 Ne7 13. Qd2 Ng6 14. h4 Nh7 15. hxg5 hxg5 16. Rxh7 Kxh7 17. Nxg5+ {0-1 (40) Novak,V (1932)-Ladron de Guevara Galar,F (2128) Prague 2018}) 10... hxg5 $17 11. Bxg5 {[#] aiming for Qf3.} Bg4 (11... Rg8 $1 $17 {[%cal Rg8g5]} 12. h4 Rg6) 12. Bxf6 $1 $15 Qxf6 ({Black should try} 12... Bxf2+ $1 $11 13. Kxf2 Qxf6+ 14. Nf3 Rh4) 13. Qxg4 $16 Qxf2+ 14. Kd1 Be3 {[%csl Ge3][%cal Rf2d2]} 15. Qe2 Qxe2+ 16. Kxe2 Bh6 17. Nf3 b5 (17... Ne7 $16 18. h4 Rg8) 18. Bd5 $18 Kd7 19. a4 (19. Bxf7 $6 a5) 19... Rab8 20. axb5 ({But not} 20. Bxf7 bxa4 21. Rhb1 (21. Rxa4 a5 $16) 21... Na7 $18) 20... axb5 21. c4 $2 (21. Bxf7 $18 {And now Bb3 would win.} Nd8 22. Bg6) 21... Nxb4 $11 22. Bxf7 bxc4 23. Bxc4 Nc6 (23... Nc2 $1 $11 24. Rab1 Ne3) 24. Rab1 $16 Rhg8 $2 (24... Ke7 $16 25. g4 Bf4) 25. g3 (25. Bxg8 $142 Rxg8 26. g3) 25... Rgf8 26. Rxb8 (26. h4 $18 {has better winning chances.}) 26... Rxb8 27. Nh4 ({White should play} 27. h4 $14) 27... Nd4+ $11 28. Kf2 $2 {[%mdl 8192]} (28. Kf1 $11 {and White stays safe.}) 28... Rb2+ $19 29. Kf1 {intending Nf5.} c6 30. Nf5 $2 (30. Ng2) 30... Nxf5 31. exf5 {[%mdl 4096] Endgame KRB-KRB} Be3 $2 (31... d5 $19 32. Ba6 Rb6) 32. h4 $2 {[%mdl 8192]} (32. Be6+ $11 {and White has nothing to worry.} Ke7 33. h4) 32... d5 33. Ba6 Rf2+ 34. Ke1 Ra2 35. Kf1 Rxa6 {KRB-KR} 36. Kg2 Ra2+ 37. Kf3 e4+ $4 {[%mdl 8192]} (37... Bd4 $19 {avoids the disaster. ...Ra3 is the strong threat.} 38. g4 Rd2) 38. Kxe3 $18 {KR-KR} Ra3 (38... exd3 $142 39. g4 (39. Kxd3 Ra3+ 40. Kd2 Rxg3 $14) 39... c5 40. Kxd3 Kd6) 39. Kf4 Rxd3 40. h5 Rf3+ 41. Kg4 e3 42. h6 Rf2 43. Re1 $2 (43. h7 {mates} Rb2 44. h8=Q Rd2 45. Qf6 Rd4+ 46. Qxd4 Ke7 47. Rh7+ Kd6 48. Qxe3 c5 49. Qe6#) 43... e2 $2 {[#]} (43... Rh2 {is tougher.}) 44. h7 $2 (44. Kh3 $1 $18 {is the precise move to win.} Rxf5 45. g4 Rf3+ 46. Kh4) 44... d4 $2 {[%mdl 8192]} (44... Rh2 $16) 45. h8=Q d3 {[#]} 46. Qd4+ $1 {[%mdl 64] Double Attack} Kc7 47. Qxf2 d2 48. Rxe2 (48. Qf4+ $142 Kb6 49. Qb4+ Kc7 50. Qe7+ Kb8 51. Rh1 d1=Q 52. Rh8+ Qd8 53. Rxd8#) 48... d1=Q 49. Qa7+ Kd6 50. Qe7+ Kd5 {[%mdl 32768] Accuracy: White = 35%, Black = 39%. . Sensor Board Error (Ke4/e5)?} 0-1

[Event "Stay Safe Play From Home 287"]
[Site "Emanuel Lasker Arena"]
[Date "2020.07.08"]
[Round "8"]
[White "Ironmike"]
[Black "Jhhonnyy"]
[Result "0-1"]
[WhiteElo "1969"]
[BlackElo "2331"]
[Annotator "RC"]
[PlyCount "92"]
[EventDate "2020.07.08"]
[EventType "swiss (blitz)"]
[WhiteTeam "SV Horst-Emscher I"]

{Dönges, Dirk (1820)} 1. e4 {[%emt 0:00:01]} c5 {[%emt 0:00:01]} 2. Nf3 {[%emt 0:00:01]} e6 {[%emt 0:00:00]} 3. Nc3 {[%emt 0:00:00]} a6 {[%emt 0:00:01]} 4. d4 {[%emt 0:00:00]} cxd4 {[%emt 0:00:00]} 5. Nxd4 {[%emt 0:00:01]} Qc7 {[%emt 0:00:00]} 6. Be2 {[%emt 0:00:01]} b5 {[%emt 0:00:02]} 7. O-O {[%emt 0:00:00]} Bb7 {[%emt 0:00:00]} 8. a3 {[%emt 0:00:01]} Nf6 {[%emt 0:00:01]} 9. f3 {[%emt 0:00:01]} Be7 {[%emt 0:00:01]} 10. Bg5 {[%emt 0:00:00]} d6 {[%emt 0:00:01]} 11. Bxf6 {[%emt 0:00:01]} Bxf6 {[%emt 0:00:02]} 12. Qe1 {[%emt 0:00:01]} Bxd4+ {[%emt 0:00:02]} 13. Kh1 {[%emt 0:00:00]} Bf6 {[%emt 0:00:01]} 14. Rd1 {[%emt 0:00:00]} Nd7 {[%emt 0:00:00]} 15. f4 {[%emt 0:00:01]} Be7 {[%emt 0:00:01]} 16. Bf3 {[%emt 0:00:01]} Nf6 {[%emt 0:00:01]} 17. e5 {[%emt 0:00:01]} dxe5 {[%emt 0:00:01]} 18. Bxb7 {[%emt 0:00:01]} Qxb7 {[%emt 0:00:01]} 19. fxe5 {[%emt 0:00:00]} Nd7 {[%emt 0:00:01]} 20. Qf2 {[%emt 0:00:03]} Rf8 {[%emt 0:00:01]} 21. Qd4 {[%emt 0:00:02]} Rd8 {[%emt 0:00:02]} 22. Ne4 {[%emt 0:00:01]} Nb6 {[%emt 0:00:03]} 23. Nd6+ {[%emt 0:00:02]} Bxd6 {[%emt 0:00:01]} 24. exd6 {[%emt 0:00:00]} Nd5 {[%emt 0:00:00]} 25. Qc5 {[%emt 0:00:02]} Qc8 {[%emt 0:00:03]} 26. Qd4 {[%emt 0:00:06]} Rxd6 {[%emt 0:00:01]} 27. Qxg7 {[%emt 0:00:00]} Qxc2 {[%emt 0:00:02]} 28. Rde1 {[%emt 0:00:01]} Qg6 {[%emt 0:00:02]} 29. Qe5 {[%emt 0:00:02]} Rg8 {[%emt 0:00:02]} 30. g3 {[%emt 0:00:02]} Rd8 {[%emt 0:00:01]} 31. Qe4 {[%emt 0:00:02]} Qxe4+ {[%emt 0:00:01]} 32. Rxe4 {[%emt 0:00:00]} Ke7 {[%emt 0:00:00]} 33. Ref4 {[%emt 0:00:01]} Nxf4 {[%emt 0:00:01]} 34. gxf4 {[%emt 0:00:01]} Rd5 {[%emt 0:00:00]} 35. f5 {[%emt 0:00:00]} Rxf5 {[%emt 0:00:01]} 36. Re1 {[%emt 0:00:00]} Rf2 {[%emt 0:00:01]} 37. h3 {[%emt 0:00:01]} Rgg2 {[%emt 0:00:01]} 38. b4 {[%emt 0:00:01]} Rb2 {[%emt 0:00:01]} 39. a4 {[%emt 0:00:02]} Rh2+ {[%emt 0:00:00]} 40. Kg1 {[%emt 0:00:01]} f5 {[%emt 0:00:00]} 41. a5 {[%emt 0:00:01]} f4 {[%emt 0:00:01]} 42. h4 {[%emt 0:00:00]} f3 {[%emt 0:00:00]} 43. h5 {[%emt 0:00:00]} f2+ {[%emt 0:00:01]} 44. Kxh2 {[%emt 0:00:00]} fxe1=Q+ {[%emt 0:00:00]} 45. Kh3 {[%emt 0:00:01]} Qe3+ {[%emt 0:00:01]} 46. Kg4 {[%emt 0:00:01]} Rxb4# {[%emt 0:00:00] (Lag: Av=0.43s, max=5.3s)} 0-1

[Event "Stay Safe Play From Home 287"]
[Site "Emanuel Lasker Arena"]
[Date "2020.07.08"]
[Round "8"]
[White "Sfantul321"]
[Black "Trotsky"]
[Result "1-0"]
[WhiteElo "1945"]
[BlackElo "1604"]
[Annotator "NA"]
[PlyCount "53"]
[EventDate "2020.07.08"]
[EventType "swiss (blitz)"]

1. c4 {[%emt 0:00:02]} c5 {[%emt 0:00:03]} 2. Nc3 {[%emt 0:00:00]} Nc6 {[%emt 0:00:02]} 3. g3 {[%emt 0:00:00]} Nf6 {[%emt 0:00:01]} 4. Bg2 {[%emt 0:00:00]} e6 {[%emt 0:00:01]} 5. e3 {[%emt 0:00:00]} d6 {[%emt 0:00:01]} 6. Nge2 {[%emt 0:00:01]} a6 {[%emt 0:00:01]} 7. O-O {[%emt 0:00:00]} Qc7 {[%emt 0:00:01]} 8. d4 {[%emt 0:00:00]} b6 {[%emt 0:00:01]} 9. b3 {[%emt 0:00:01]} Bb7 {[%emt 0:00:02]} 10. Bb2 {[%emt 0:00:00]} Rd8 {[%emt 0:00:01]} 11. Qc2 {[%emt 0:00:01]} cxd4 {[%emt 0:00:01]} 12. exd4 {[%emt 0:00:01]} Be7 {[%emt 0:00:01]} 13. a3 {[%emt 0:00:01]} O-O {[%emt 0:00:01]} 14. Rac1 {[%emt 0:00:01]} d5 {[%emt 0:00:08]} 15. Qb1 {[%emt 0:00:02]} Qb8 {[%emt 0:00:03]} 16. Rfd1 {[%emt 0:00:02]} e5 {[%emt 0:00:02]} 17. dxe5 {[%emt 0:00:01]} Nxe5 {[%emt 0:00:01]} 18. Nxd5 {[%emt 0:00:01]} Nxd5 {[%emt 0:00:04]} 19. cxd5 {[%emt 0:00:01]} Bd6 {[%emt 0:00:01]} 20. Nf4 {[%emt 0:00:03]} f5 {[%emt 0:00:01]} 21. Ne6 {[%emt 0:00:02]} Ng4 {[%emt 0:00:03]} 22. Nxf8 {[%emt 0:00:02]} Rxf8 {[%emt 0:00:01]} 23. h3 {[%emt 0:00:01]} Bxg3 {[%emt 0:00:02]} 24. hxg4 {[%emt 0:00:02]} Bh2+ {[%emt 0:00:03]} 25. Kh1 {[%emt 0:00:01]} fxg4 {[%emt 0:00:03]} 26. Rf1 {[%emt 0:00:03]} Qd6 {[%emt 0:00:12]} 27. Qd3 {[%emt 0:00:01] Âðåìÿ (Lag: Av=0.36s, max=4.9s) '} 1-0

[Event "Stay Safe Play From Home 287"]
[Site "Emanuel Lasker Arena"]
[Date "2020.07.08"]
[Round "8"]
[White "Greblah"]
[Black "NeatFox"]
[Result "0-1"]
[WhiteElo "1871"]
[BlackElo "1967"]
[PlyCount "64"]
[EventDate "2020.07.08"]
[EventType "swiss (blitz)"]

1. e4 {[%emt 0:00:01]} e5 {[%emt 0:00:01]} 2. Nf3 {[%emt 0:00:01]} Nc6 {[%emt 0:00:00]} 3. Bb5 {[%emt 0:00:00]} d6 {[%emt 0:00:01]} 4. c3 {[%emt 0:00:01]} a6 {[%emt 0:00:01]} 5. Ba4 {[%emt 0:00:01]} Bd7 {[%emt 0:00:00]} 6. d3 {[%emt 0:00:01]} Nf6 {[%emt 0:00:00]} 7. Nbd2 {[%emt 0:00:01]} Be7 {[%emt 0:00:00]} 8. Nf1 {[%emt 0:00:01]} O-O {[%emt 0:00:00]} 9. Ne3 {[%emt 0:00:01]} Re8 {[%emt 0:00:00]} 10. O-O {[%emt 0:00:01]} Ng4 {[%emt 0:00:01]} 11. Nxg4 {[%emt 0:00:01]} Bxg4 {[%emt 0:00:00]} 12. h3 {[%emt 0:00:01]} Bh5 {[%emt 0:00:01]} 13. g4 {[%emt 0:00:01]} Bg6 {[%emt 0:00:00]} 14. Bb3 {[%emt 0:00:01]} Na5 {[%emt 0:00:02]} 15. Be3 {[%emt 0:00:02]} Nxb3 {[%emt 0:00:01]} 16. axb3 {[%emt 0:00:01]} c5 {[%emt 0:00:01]} 17. b4 {[%emt 0:00:02]} b6 {[%emt 0:00:01]} 18. bxc5 {[%emt 0:00:01]} dxc5 {[%emt 0:00:00]} 19. Qb3 {[%emt 0:00:02]} Qxd3 {[%emt 0:00:04]} 20. Qxb6 {[%emt 0:00:02]} Qxe4 {[%emt 0:00:01]} 21. Ng5 {[%emt 0:00:03]} Bxg5 {[%emt 0:00:01]} 22. Bxg5 {[%emt 0:00:01]} Qd3 {[%emt 0:00:03]} 23. Be3 {[%emt 0:00:02]} h5 {[%emt 0:00:02]} 24. Rfd1 {[%emt 0:00:02]} Qe4 {[%emt 0:00:01]} 25. gxh5 {[%emt 0:00:03]} Bxh5 {[%emt 0:00:02]} 26. Qd6 {[%emt 0:00:04]} Bf3 {[%emt 0:00:03]} 27. Kf1 {[%emt 0:00:02]} Qh4 {[%emt 0:00:03]} 28. Qd7 {[%emt 0:00:03]} Re6 {[%emt 0:00:01]} 29. Qb7 {[%emt 0:00:04]} Qxh3+ {[%emt 0:00:01]} 30. Ke1 {[%emt 0:00:07]} Qg2 {[%emt 0:00:00]} 31. Qxf3 {[%emt 0:00:01]} Qxf3 {[%emt 0:00:01]} 32. Rd3 {[%emt 0:00:01]} e4 {[%emt 0:00:00] Zeit (Lag: Av=0.55s, max=5.2s)} 0-1

[Event "Stay Safe Play From Home 287"]
[Site "Emanuel Lasker Arena"]
[Date "2020.07.08"]
[Round "9"]
[White "AChessPlayer"]
[Black "Ironmike"]
[Result "1-0"]
[WhiteElo "2407"]
[BlackElo "1965"]
[Annotator "RC"]
[PlyCount "81"]
[EventDate "2020.07.08"]
[EventType "swiss (blitz)"]
[BlackTeam "SV Horst-Emscher I"]

{- Dönges, Dirk (1820)} 1. Nf3 {[%emt 0:00:01]} b6 {[%emt 0:00:00]} 2. g3 {[%emt 0:00:00]} Bb7 {[%emt 0:00:00]} 3. Bg2 {[%emt 0:00:00]} c6 {[%emt 0:00:00]} 4. O-O {[%emt 0:00:00]} d6 {[%emt 0:00:00]} 5. e4 {[%emt 0:00:00]} Nd7 {[%emt 0:00:00]} 6. d4 {[%emt 0:00:00]} g6 {[%emt 0:00:01]} 7. Re1 {[%emt 0:00:00]} Bg7 {[%emt 0:00:01]} 8. c4 {[%emt 0:00:00]} Ngf6 {[%emt 0:00:01]} 9. Nc3 {[%emt 0:00:00]} O-O {[%emt 0:00:00]} 10. h3 {[%emt 0:00:02]} e5 {[%emt 0:00:01]} 11. d5 {[%emt 0:00:01]} cxd5 {[%emt 0:00:01]} 12. cxd5 {[%emt 0:00:01]} Nc5 {[%emt 0:00:01]} 13. b4 {[%emt 0:00:04]} Na6 {[%emt 0:00:01]} 14. a3 {[%emt 0:00:01]} Rc8 {[%emt 0:00:01]} 15. Bb2 {[%emt 0:00:00]} Qe7 {[%emt 0:00:01]} 16. Nd2 {[%emt 0:00:01]} Rc7 {[%emt 0:00:01]} 17. Bf1 {[%emt 0:00:01]} Rfc8 {[%emt 0:00:01]} 18. Rc1 {[%emt 0:00:00]} Nb8 {[%emt 0:00:01]} 19. Qb3 {[%emt 0:00:01]} Nh5 {[%emt 0:00:01]} 20. Nb5 {[%emt 0:00:01]} Rxc1 {[%emt 0:00:02]} 21. Rxc1 {[%emt 0:00:00]} Rxc1 {[%emt 0:00:00]} 22. Bxc1 {[%emt 0:00:00]} a6 {[%emt 0:00:03]} 23. Nc3 {[%emt 0:00:01]} g5 {[%emt 0:00:01]} 24. Nc4 {[%emt 0:00:02]} Qf6 {[%emt 0:00:02]} 25. Nxb6 {[%emt 0:00:01]} Nd7 {[%emt 0:00:02]} 26. Nxd7 {[%emt 0:00:01]} Qg6 {[%emt 0:00:02]} 27. Na4 {[%emt 0:00:02]} g4 {[%emt 0:00:01]} 28. hxg4 {[%emt 0:00:03]} Qxg4 {[%emt 0:00:01]} 29. Nab6 {[%emt 0:00:04]} Qg6 {[%emt 0:00:06]} 30. Qc4 {[%emt 0:00:01]} Nxg3 {[%emt 0:00:02]} 31. fxg3 {[%emt 0:00:03]} Qxg3+ {[%emt 0:00:00]} 32. Bg2 {[%emt 0:00:01]} Qe1+ {[%emt 0:00:01]} 33. Qf1 {[%emt 0:00:00]} Qg3 {[%emt 0:00:01]} 34. Qf2 {[%emt 0:00:02]} Qg6 {[%emt 0:00:01]} 35. Be3 {[%emt 0:00:00]} a5 {[%emt 0:00:01]} 36. b5 {[%emt 0:00:01]} Ba6 {[%emt 0:00:00]} 37. bxa6 {[%emt 0:00:01]} Qg4 {[%emt 0:00:01]} 38. a7 {[%emt 0:00:00]} Qd1+ {[%emt 0:00:01]} 39. Qf1 {[%emt 0:00:00]} Qg4 {[%emt 0:00:01]} 40. a8=Q+ {[%emt 0:00:00]} Bf8 {[%emt 0:00:02]} 41. Qxf8# {[%emt 0:00:00] (Lag: Av=0.43s, max=1.1s)} 1-0